Statystyki dla Państwa Z Największą Ilością Lotnisk

Kliknij tutaj aby rozwiązać quiz!

Ogólne statystyki

  • Ten quiz został rozwiązany 746 razy
  • Średni wynik to 7 z 10

Statystyki odpowiedzi

Ilość LotniskPaństwo% Poprawnych
13,513Stany Zjednoczone
99%
1,218Rosja
95%
4,093Brazylia
93%
1,714Meksyk
86%
1,138Argentyna
85%
566RPA
69%
836Kolumbia
67%
673Indonezja
61%
855Boliwia
46%
799Paragwaj
38%

Rozkład punktacji

Percentyl według liczby udzielonych odpowiedzi

Procent ludzi z każdym wynikiem

Twoja historia wyników

Nie rozwiązałeś tego quizu